Netherlands WC 2022 - Clubs of players - Statistics

General Stats
  • This quiz has been taken 46 times
  • The average score is 23 of 27
Answer Stats
Number Player Club % Correct
10 Memphis Depay FC Barcelona
100%
21 Frenkie de Jong FC Barcelona
100%
1 Remko Pasveer Ajax
98%
2 Jurriën Timber Ajax
98%
7 Steven Bergwijn Ajax
98%
11 Steven Berghuis Ajax
98%
14 Davy Klaassen Ajax
98%
17 Daley Blind Ajax
98%
24 Kenneth Taylor Ajax
98%
4 Virgil van Dijk Liverpool
98%
5 Nathan Aké Manchester City
98%
16 Tyrell Malacia Manchester United
98%
8 Cody Gakpo PSV
98%
9 Luuk de Jong PSV
98%
25 Xavi Simons PSV
98%
6 Stefan de Vrij Inter Milan
90%
22 Denzel Dumfries Inter Milan
90%
13 Justin Bijlow Feyenoord
85%
15 Marten de Roon Atalanta Bergamo
83%
20 Teun Koopmeiners Atalanta Bergamo
83%
26 Jeremie Frimpong Bayer Leverkusen
75%
12 Noa Lang Club Brugge
70%
3 Matthijs de Ligt Bayern München
65%
23 Andries Noppert Heerenveen
60%
18 Vincent Janssen Antwerp
53%
Coach Louis van Gaal Netherlands
53%
19 Wout Weghorst Besiktas
48%
No matching quizzes found
Score Distribution
Percent of People with Each Score
Percentile by Number Answered
Your Score History
You have not taken this quiz